<?xml version="1.0" encoding="UTF-8"?>
<record
    xmlns:xsi="http://www.w3.org/2001/XMLSchema-instance"
    xsi:schemaLocation="http://www.loc.gov/MARC21/slim http://www.loc.gov/standards/marcxml/schema/MARC21slim.xsd"
    xmlns="http://www.loc.gov/MARC21/slim">

  <leader>00897cas a2200253 a 4500</leader>
  <controlfield tag="001"> 83503</controlfield>
  <controlfield tag="003">BD-RjUL</controlfield>
  <controlfield tag="005">20240327134859.0</controlfield>
  <controlfield tag="008">240327c1987    pk qr p       0   z0ur  c</controlfield>
  <datafield tag="035" ind1=" " ind2=" ">
    <subfield code="a">(BD-RjUL)  83503</subfield>
  </datafield>
  <datafield tag="040" ind1=" " ind2=" ">
    <subfield code="a">GZM</subfield>
    <subfield code="b">eng</subfield>
    <subfield code="c">GZM</subfield>
    <subfield code="d">OCLCO</subfield>
    <subfield code="d">STF</subfield>
  </datafield>
  <datafield tag="041" ind1=" " ind2=" ">
    <subfield code="a">urd</subfield>
  </datafield>
  <datafield tag="082" ind1=" " ind2=" ">
    <subfield code="2">23</subfield>
    <subfield code="a">891.439</subfield>
    <subfield code="b">SAP 1987</subfield>
  </datafield>
  <datafield tag="130" ind1="0" ind2=" ">
    <subfield code="6">880-01</subfield>
    <subfield code="a">Panj&#x101;b&#x12B; adab (Lahore, Pakistan)</subfield>
    <subfield code="9">12583</subfield>
  </datafield>
  <datafield tag="245" ind1="1" ind2="0">
    <subfield code="a">&#x67E;&#x646;&#x62C;&#x627;&#x628;&#x649; &#x627;&#x62F;&#x628;  ;; Panj&#x101;b&#x12B; adab./</subfield>
    <subfield code="c">&#x645;&#x62D;&#x645;&#x62F; &#x633;&#x631;&#x648;&#x631; ;; Mohammad Sarwar</subfield>
  </datafield>
  <datafield tag="260" ind1=" " ind2=" ">
    <subfield code="a">Karachi :</subfield>
    <subfield code="b">&#x627;&#x62F;&#x627;&#x631;&#x6C1; &#x645;&#x637;&#x628;&#x648;&#x639;&#x627;&#x62A; &#x67E;&#x627;&#x6A9;&#x633;&#x62A;&#x627;&#x646;,</subfield>
    <subfield code="c">[1987]-</subfield>
  </datafield>
  <datafield tag="300" ind1=" " ind2=" ">
    <subfield code="a">131 p. ;</subfield>
    <subfield code="c">18  cm.</subfield>
  </datafield>
  <datafield tag="588" ind1=" " ind2=" ">
    <subfield code="a">Latest issue consulted: Jil. 35, shum&#x101;rah 12 (J&#x16B;l&#x101;&#x2BC;&#x12B;/Disambar 2019).</subfield>
  </datafield>
  <datafield tag="650" ind1=" " ind2="0">
    <subfield code="a">Panjabi literature</subfield>
    <subfield code="v">Periodicals.</subfield>
    <subfield code="9">12584</subfield>
  </datafield>
  <datafield tag="650" ind1=" " ind2="7">
    <subfield code="a">Panjabi literature.</subfield>
    <subfield code="9">12585</subfield>
  </datafield>
  <datafield tag="710" ind1="2" ind2=" ">
    <subfield code="a">P&#x101;kist&#x101;n Panj&#x101;b&#x12B; Adab&#x12B; Bor&#x1E0D;.</subfield>
    <subfield code="9">12586</subfield>
  </datafield>
  <datafield tag="942" ind1=" " ind2=" ">
    <subfield code="2">ddc</subfield>
    <subfield code="c">CR</subfield>
  </datafield>
  <datafield tag="999" ind1=" " ind2=" ">
    <subfield code="c">83503</subfield>
    <subfield code="d">83503</subfield>
  </datafield>
  <datafield tag="952" ind1=" " ind2=" ">
    <subfield code="0">0</subfield>
    <subfield code="1">0</subfield>
    <subfield code="2">ddc</subfield>
    <subfield code="4">0</subfield>
    <subfield code="7">1</subfield>
    <subfield code="8">SR</subfield>
    <subfield code="a">RUCL</subfield>
    <subfield code="b">RUCL</subfield>
    <subfield code="c">Reading</subfield>
    <subfield code="d">1973-06-26</subfield>
    <subfield code="e">Pakistan</subfield>
    <subfield code="o">U 891.439 SAP 1987</subfield>
    <subfield code="r">2024-03-27 00:00:00</subfield>
    <subfield code="t">C-1</subfield>
    <subfield code="y">CR</subfield>
  </datafield>
</record>
